| 000 | 00339 a2200133 4500 | ||
|---|---|---|---|
| 001 | 31466 | ||
| 082 | _a005.117 LAF | ||
| 090 |
_c21350 _d21350 |
||
| 100 | _aParsa N R; Robert Lafore | ||
| 245 | _aObject oriented programming in C++ , 4th ed | ||
| 250 | _a4 | ||
| 260 |
_aNew Delhi _bDream Tech/Pearson _c2002 |
||
| 300 | _axix, 1012 p. | ||
| 942 |
_aNUST-CAE _k005.117 LAF |
||
| 999 |
_c266539 _d266539 |
||